000 00262nam a22001217a 4500
008 170503b xxu||||| |||| 00| 0 eng d
041 _aeng
080 _a34
100 _a14
101 _aSHJ
245 _aADMINISTRATIVE LAW TEXT
_cDAVIS, K.C
942 _2udc
_cBK
999 _c12498
_d12498